00853nam a22002411 450000100060000000300080000600500170001400800390003103500190007004000320008904100080012108200230012910000280015224500920018026000500027230000330032235000120035550400390036765000320040694200120043899900170045095201440046729438BD-RjUL20211209051419.0140403s1968 stka b 001 0 eng a(BD-RjUL)29523 aDLCcDLCdDLCdBD-RjULbeng aeng00a616.8915bHOT 19681 aHowells, John G.91547910aTheory and practice of family psychiatry /cJohn G. Howells; with edited contributions. aEdinburgh ;aLondon :bOliver & Boyd,cc1968. axi, 953 p. :bill. ;c26 cm. a£9/9/- aIncludes bibliographies and index. 0aFamily psychotherapy.93982 2ddccBK c29438d29438 00102ddc40728NFICaRUCLbRUCLcReadingd1973-08-16eShirin pub.g256.00l0o616.8915 HOT 1968r2014-04-03 00:00:00tC-1w2014-04-03yBK